000 00536nam a22001577a 4500
003 macl
005 20191206131451.0
008 191206b xxu||||| |||| 00| 0 eng d
040 _c macl
082 _a800/AMR
100 _aनागर,डॉ .शरद
_977473
245 _aउजास की धरोहर अमृतलाल नागर की यादें
260 _aदिल्‍ली
_bकुंडलिनी पब्लिकेशन
_c2018
650 _aरचनावली
_9163
942 _2ddc
_cHIN
999 _c61530
_d61530